[Event "Verbandsliga Suedbaden 2122"]
[Site "Baden"]
[Date "2021.10.31"]
[Round "2.4"]
[White "Schulte, Juergen"]
[Black "Rahnfeld, Jens"]
[Result "1/2-1/2"]
[WhiteElo "2043"]
[BlackElo "2300"]
[PlyCount "55"]
[EventDate "2021.10.10"]
[EventType "team-tourn"]
[EventRounds "9"]
[EventCountry "GER"]
[SourceTitle "EXT 2023"]
[Source "ChessBase"]
[SourceDate "2022.10.05"]
[SourceVersion "1"]
[SourceVersionDate "2022.10.05"]
[SourceQuality "1"]
[WhiteTeam "Oberwinden"]
[BlackTeam "Sasbach"]
[WhiteTeamCountry "GER"]
[BlackTeamCountry "GER"]

1. d4 d5 2. c4 dxc4 3. Nf3 Nf6 4. e3 e6 5. Bxc4 a6 6. a4 c5 7. 0-0 Nc6 8. dxc5 Qxd1 9. Rxd1 Bxc5 10. Nbd2 Ke7 11. Nb3 Bd6 12. Bd2 Bd7 13. Na5 Nxa5 14. Bxa5 Rhc8 15. Bb3 Ne4 16. Rd4 Bc6 17. Rad1 Bc5 18. R4d3 b6 19. Be1 Ra7 20. Bc2 a5 21. Nd4 Bd5 22. Bb3 Bxb3 23. Nxb3 Nf6 24. Nxc5 Rxc5 25. f3 Rd7 26. Rxd7+ Nxd7 27. b4 Rc4 28. bxa5 1/2-1/2

[Event "Oberliga Baden 1920"]
[Site "Baden"]
[Date "2019.11.17"]
[Round "3.5"]
[White "Heinemann, Josefine"]
[Black "Rahnfeld, Jens"]
[Result "1-0"]
[WhiteElo "2310"]
[BlackElo "2326"]
[PlyCount "63"]
[EventDate "2019.09.29"]
[EventType "team-tourn"]
[EventRounds "9"]
[EventCountry "GER"]
[SourceTitle "CBM 195 Extra"]
[Source "ChessBase"]
[SourceDate "2020.05.31"]
[SourceVersion "1"]
[SourceVersionDate "2020.05.31"]
[SourceQuality "1"]
[WhiteTeam "Viernheim II"]
[BlackTeam "Sasbach"]
[WhiteTeamCountry "GER"]
[BlackTeamCountry "GER"]

1. e4 c5 2. Nf3 d6 3. d4 cxd4 4. Nxd4 Nf6 5. Nc3 a6 6. f3 e6 7. Be3 b5 8. Qd2 Nbd7 9. g4 h6 10. 0-0-0 Bb7 11. h4 b4 12. Na4 Qa5 13. b3 Nc5 14. a3 Nxa4 15. bxa4 Qc7 16. axb4 d5 17. e5 Nd7 18. f4 Nb6 19. Rh3 Nxa4 20. Bf2 Rc8 21. c4 Be7 22. c5 Nb6 23. Qc2 0-0 24. g5 h5 25. g6 a5 26. gxf7+ Rxf7 27. Nxe6 Qd7 28. Qg6 Qa4 29. Bd3 Qa3+ 30. Kd2 Qxb4+ 31. Ke2 Na4 32. Qh7# 1-0

[Event "Oberliga Baden 1920"]
[Site "Baden"]
[Date "2019.10.20"]
[Round "2.5"]
[White "Rahnfeld, Jens"]
[Black "Sieglen, Joachim"]
[Result "1/2-1/2"]
[WhiteElo "2326"]
[BlackElo "2187"]
[PlyCount "162"]
[EventDate "2019.09.29"]
[EventType "team-tourn"]
[EventRounds "9"]
[EventCountry "GER"]
[SourceTitle "CBM 195 Extra"]
[Source "ChessBase"]
[SourceDate "2020.05.31"]
[SourceVersion "1"]
[SourceVersionDate "2020.05.31"]
[SourceQuality "1"]
[WhiteTeam "Sasbach"]
[BlackTeam "Untergrombach"]
[WhiteTeamCountry "GER"]
[BlackTeamCountry "GER"]

1. e4 e6 2. d4 d5 3. Nd2 Nf6 4. e5 Nfd7 5. Bd3 c5 6. c3 Nc6 7. Ne2 cxd4 8. cxd4 f6 9. exf6 Nxf6 10. Nf3 Bd6 11. 0-0 Qc7 12. h3 0-0 13. Be3 Bd7 14. Re1 Be8 15. Ng5 Bf7 16. Rc1 Kh8 17. Qd2 Bg8 18. Bf4 Rae8 19. Bxd6 Qxd6 20. f4 h6 21. Nf3 Bh7 22. Bxh7 Nxh7 23. a3 Rf7 24. b4 a6 25. Qe3 Nf8 26. Ne5 Nxe5 27. fxe5 Qd8 28. Nc3 Nd7 29. Na4 Nb6 30. Nc5 Nc4 31. Qg3 Qg5 32. Qxg5 hxg5 33. Rc3 Kg8 34. a4 a5 35. bxa5 Nxa5 36. Rb1 Nc6 37. Rd3 Rf4 38. Rbd1 b6 39. Nd7 Ra8 40. Nxb6 Ra6 41. Nd7 Rxa4 42. Nc5 Raxd4 43. Nxe6 Rxd3 44. Rxd3 Re4 45. Rxd5 Rxe5 46. Rxe5 Nxe5 47. Nxg5 g6 48. Kf2 Kg7 49. Ke3 Kf6 50. Nf3 Nf7 51. Ke4 Nd8 52. Kf4 Ne6+ 53. Kg4 Nc5 54. Ng5 Nd7 55. Kf4 Kg7 56. Ne4 Nb6 57. Kg5 Nd7 58. h4 Ne5 59. Nc5 Nf7+ 60. Kf4 Nd6 61. g4 Nc4 62. Nd7 Nd6 63. Nb6 Kf6 64. Nd5+ Kf7 65. Ke5 Nc4+ 66. Kd4 Nd2 67. Ke3 Nc4+ 68. Ke4 Nd6+ 69. Kf4 Nc4 70. Ne3 Nd2 71. Ng2 Nc4 72. Kg5 Ne5 73. Kf4 Nd3+ 74. Ke4 Nf2+ 75. Kf3 Nd3 76. Ne3 Ne5+ 77. Ke4 Nd7 78. Kf4 Nc5 79. Nc4 Nd3+ 80. Kg5 Kg7 81. Nd6 Ne5 1/2-1/2

[Event "Oberliga Baden 1819"]
[Site "Baden"]
[Date "2019.02.24"]
[Round "7.4"]
[White "Rahnfeld, Jens"]
[Black "Wirthensohn, Heinz"]
[Result "0-1"]
[WhiteElo "2311"]
[BlackElo "2312"]
[PlyCount "156"]
[EventDate "2018.10.21"]
[EventType "team-tourn"]
[EventRounds "9"]
[EventCountry "GER"]
[SourceTitle "EXT 2020"]
[Source "ChessBase"]
[SourceDate "2019.10.17"]
[SourceVersion "1"]
[SourceVersionDate "2019.10.17"]
[SourceQuality "1"]
[WhiteTeam "Sasbach"]
[BlackTeam "Brombach"]
[WhiteTeamCountry "GER"]
[BlackTeamCountry "GER"]

1. e4 c5 2. Nf3 Nc6 3. g3 g6 4. d4 cxd4 5. Nxd4 Bg7 6. Ne2 Nf6 7. Bg2 b5 8. Nbc3 Rb8 9. 0-0 0-0 10. Bf4 d6 11. Qd2 b4 12. Nd1 Ba6 13. Re1 Ng4 14. h3 Nge5 15. Bh6 Bxh6 16. Qxh6 Bxe2 17. Rxe2 Nd4 18. Rd2 Ndf3+ 19. Bxf3 Nxf3+ 20. Kg2 Nxd2 21. Qxd2 e6 22. Ne3 Qf6 23. Rb1 Rfd8 24. Qd3 h5 25. Qd2 Qe5 26. Qd3 d5 27. exd5 exd5 28. Kg1 Rbc8 29. h4 Qe4 30. Qxe4 dxe4 31. Kf1 Rd4 32. Ke2 f5 33. Ra1 Rc6 34. b3 Kf7 35. Rb1 Ke6 36. Nc4 Rcxc4 37. bxc4 Rxc4 38. Kd2 a5 39. Rb3 a4 40. Rb1 Kd5 41. a3 Kc5 42. axb4+ Rxb4 43. Ra1 Rd4+ 44. Kc3 Rc4+ 45. Kb2 Rb4+ 46. Kc3 Kb5 47. Kd2 Rc4 48. Rb1+ Ka5 49. Rb8 Rc6 50. c3 Rb6 51. Ra8+ Kb5 52. Kc2 Ra6 53. Rb8+ Kc5 54. Rc8+ Kd5 55. Rd8+ Ke5 56. Re8+ Kf6 57. Kb2 Rd6 58. Ka3 Rd2 59. Kxa4 Rxf2 60. c4 Rf3 61. c5 Rxg3 62. Kb4 Rg1 63. c6 Rc1 64. Kb5 Rc3 65. Kb6 e3 66. c7 f4 67. Kb7 Kf5 68. c8Q+ Rxc8 69. Kxc8 Kg4 70. Kd7 Kf3 71. Ke6 e2 72. Kf6 Kf2 73. Kg5 e1Q 74. Rxe1 Kxe1 75. Kxf4 Kf2 76. Kg5 Kg3 77. Kxg6 Kxh4 78. Kf5 Kg3 0-1

[Event "Oberliga Baden 1819"]
[Site "Baden"]
[Date "2019.02.03"]
[Round "6.4"]
[White "Nabavi, Parwis"]
[Black "Rahnfeld, Jens"]
[Result "0-1"]
[WhiteElo "2208"]
[BlackElo "2311"]
[PlyCount "96"]
[EventDate "2018.10.21"]
[EventType "team-tourn"]
[EventRounds "9"]
[EventCountry "GER"]
[SourceTitle "EXT 2020"]
[Source "ChessBase"]
[SourceDate "2019.10.17"]
[SourceVersion "1"]
[SourceVersionDate "2019.10.17"]
[SourceQuality "1"]
[WhiteTeam "Dreisamtal"]
[BlackTeam "Sasbach"]
[WhiteTeamCountry "GER"]
[BlackTeamCountry "GER"]

1. Nf3 Nf6 2. e3 d5 3. Be2 e6 4. b3 Be7 5. Bb2 b6 6. 0-0 0-0 7. c4 Bb7 8. d4 dxc4 9. Bxc4 Nbd7 10. Qe2 c5 11. Nc3 cxd4 12. Nxd4 Ne5 13. Ba6 Qc8 14. Bxb7 Qxb7 15. Rfd1 a6 16. Rac1 Rac8 17. Kh1 b5 18. f3 Nc6 19. Nb1 Nxd4 20. Bxd4 Rxc1 21. Rxc1 Rc8 22. Qb2 Ne8 23. Rxc8 Qxc8 24. Nd2 f6 25. Qc3 Qd7 26. e4 Kf7 27. Be3 Bd6 28. g3 Qc7 29. Qxc7+ Nxc7 30. Kg2 Ke7 31. Kf2 Kd7 32. Ke2 Kc6 33. Nf1 a5 34. h3 Na6 35. g4 Nb4 36. a3 Nc2 37. a4 Bc5 38. axb5+ Kxb5 39. Bd2 Nd4+ 40. Kd3 Nxb3 41. Bc3 a4 42. g5 a3 43. gxf6 gxf6 44. Bxf6 a2 45. Kc2 Kc4 46. Ba1 Bd4 47. Bxd4 Kxd4 48. Nd2 Nxd2 0-1

[Event "Verbandsliga Suedbaden 1718"]
[Site "Baden"]
[Date "2017.11.05"]
[Round "2.4"]
[White "Rahnfeld, Jens"]
[Black "Mayer, Roland1111"]
[Result "1-0"]
[WhiteElo "2311"]
[BlackElo "2064"]
[PlyCount "99"]
[EventDate "2017.10.08"]
[EventType "team-tourn"]
[EventRounds "9"]
[EventCountry "GER"]
[SourceTitle "EXT 2019"]
[Source "ChessBase"]
[SourceDate "2018.10.10"]
[SourceVersion "1"]
[SourceVersionDate "2018.10.10"]
[SourceQuality "1"]
[WhiteTeam "Sasbach"]
[BlackTeam "Pfullendorf"]
[WhiteTeamCountry "GER"]
[BlackTeamCountry "GER"]

1. e4 e5 2. Nf3 Nc6 3. d4 exd4 4. Nxd4 Bb4+ 5. c3 Bc5 6. Be3 Bb6 7. Nf5 Bxe3 8. Nxe3 Nf6 9. f3 0-0 10. c4 d6 11. Nc3 Nd7 12. Be2 Nc5 13. 0-0 a5 14. Qd2 Be6 15. f4 f6 16. Rae1 Bf7 17. Ned5 Re8 18. Bd1 Nb4 19. a3 Nxd5 20. exd5 a4 21. Bg4 c6 22. Rxe8+ Qxe8 23. Re1 Qf8 24. Be6 Bxe6 25. dxe6 Qe7 26. f5 g6 27. g4 gxf5 28. gxf5 Kh8 29. Re3 Rg8+ 30. Rg3 Rg7 31. Qd4 Qf8 32. Ne4 Nxe4 33. Qxe4 d5 34. cxd5 Qc5+ 35. Kg2 cxd5 36. Qxa4 Rxg3+ 37. hxg3 b5 38. Qd1 d4 39. Qd3 Qe7 40. Qe4 Kg7 41. Qxd4 Qb7+ 42. Kf2 Qh1 43. Qd7+ Kh6 44. Qd2+ Kg7 45. Qd7+ Kh6 46. e7 Qh2+ 47. Kf1 Qh1+ 48. Ke2 Qg2+ 49. Kd1 Qf1+ 50. Kc2 1-0

[Event "GER-chT Lands U20"]
[Site "Hannover"]
[Date "2017.10.04"]
[Round "7.1"]
[White "Weishaeutel, Moritz"]
[Black "Rahnfeld, Jens"]
[Result "1/2-1/2"]
[WhiteElo "2085"]
[BlackElo "2260"]
[PlyCount "49"]
[EventDate "2017.09.29"]
[EventType "team-swiss"]
[EventRounds "7"]
[EventCountry "GER"]
[SourceTitle "EXT 2018"]
[Source "ChessBase"]
[SourceDate "2017.10.13"]
[SourceVersion "1"]
[SourceVersionDate "2017.10.13"]
[SourceQuality "1"]
[WhiteTeam "Thueringen U20"]
[BlackTeam "Baden U20 II"]
[WhiteTeamCountry "GER"]
[BlackTeamCountry "GER"]

1. e4 c5 2. Nf3 d6 3. d4 cxd4 4. Nxd4 Nf6 5. Nc3 a6 6. Bc4 e6 7. a4 Nc6 8. Be3 Be7 9. 0-0 0-0 10. f4 Qc7 11. Ba2 Bd7 12. Qf3 Nxd4 13. Bxd4 e5 14. Be3 exf4 15. Qxf4 Be6 16. Bd4 Bxa2 17. Rxa2 Qc4 18. Rd1 Rfe8 19. b3 Qc6 20. Rf1 Bd8 21. Bxf6 Bxf6 22. Nd5 Re6 23. c4 Rae8 24. Kh1 Kh8 25. Re2 1/2-1/2

[Event "GER-chT Lands U20"]
[Site "Hannover"]
[Date "2017.10.03"]
[Round "5.1"]
[White "Rahnfeld, Jens"]
[Black "Wachinger, Nikolas"]
[Result "1/2-1/2"]
[WhiteElo "2260"]
[BlackElo "2009"]
[PlyCount "160"]
[EventDate "2017.09.29"]
[EventType "team-swiss"]
[EventRounds "7"]
[EventCountry "GER"]
[SourceTitle "EXT 2018"]
[Source "ChessBase"]
[SourceDate "2017.10.13"]
[SourceVersion "1"]
[SourceVersionDate "2017.10.13"]
[SourceQuality "1"]
[WhiteTeam "Baden U20 II"]
[BlackTeam "Bremen U20"]
[WhiteTeamCountry "GER"]
[BlackTeamCountry "GER"]

1. e4 c5 2. Nf3 d6 3. Bb5+ Nd7 4. 0-0 a6 5. Bd3 Ngf6 6. Re1 e6 7. c3 b5 8. Bc2 Bb7 9. d4 Be7 10. Nbd2 Qc7 11. Nf1 0-0 12. Ng3 Rfe8 13. Bd2 Rac8 14. Bd3 Bf8 15. Qe2 e5 16. d5 c4 17. Bc2 g6 18. h3 a5 19. a4 Ba6 20. axb5 Bxb5 21. Ba4 Qb7 22. Be3 Nc5 23. Bxc5 Rxc5 24. Ra2 Bxa4 25. Rxa4 Rb8 26. Ra2 Bh6 27. Rea1 Rb5 28. Rb1 Rb3 29. Nd2 Bxd2 30. Qxd2 Qb5 31. f3 Ne8 32. Kh2 a4 33. Rba1 Ra8 34. Nf1 a3 35. bxa3 Qa5 36. Rc1 Rxa3 37. Rxa3 Qxa3 38. Rb1 Qc5 39. Ne3 Nf6 40. Rb4 Nh5 41. Rxc4 Qa7 42. Rb4 Qe7 43. Qb2 Qh4 44. Nf1 Kg7 45. g3 Qf6 46. Kg2 Qg5 47. h4 Qd8 48. Ne3 Ra6 49. Qd2 Ra1 50. Rb2 Nf6 51. Ra2 Rb1 52. Rb2 Ra1 53. c4 Qc7 54. Ra2 Rxa2 55. Qxa2 Qb6 56. Qd2 Nd7 57. h5 Nc5 58. Ng4 Qd8 59. Kh3 Qe7 60. Qh6+ Kg8 61. hxg6 hxg6 62. Qh4 Qd7 63. Qf6 Kf8 64. Kh4 Qe7 65. Kh3 Qxf6 66. Nxf6 Ke7 67. Ng4 f5 68. exf5 gxf5 69. Ne3 Kf6 70. g4 fxg4+ 71. fxg4 Kg5 72. Nf5 Ne4 73. Ne7 Nf6 74. Kg3 Ne4+ 75. Kh3 Nf6 76. Nf5 Ne4 77. Ng7 Nf2+ 78. Kg3 Ne4+ 79. Kh3 Nf2+ 80. Kg3 Ne4+ 1/2-1/2

[Event "Karlsruhe Grenke op"]
[Site "Karlsruhe"]
[Date "2017.04.17"]
[Round "8"]
[White "Rahnfeld, Jens"]
[Black "Milov, Leonid"]
[Result "1/2-1/2"]
[WhiteElo "2277"]
[BlackElo "2426"]
[PlyCount "143"]
[EventDate "2017.04.13"]
[EventType "swiss"]
[EventRounds "9"]
[EventCountry "GER"]
[SourceTitle "CBM 177 Extra"]
[Source "ChessBase"]
[SourceDate "2017.04.27"]
[SourceVersion "1"]
[SourceVersionDate "2017.04.27"]
[SourceQuality "1"]

1. e4 c5 2. Nf3 e6 3. d4 cxd4 4. Nxd4 Nc6 5. Nc3 Qc7 6. Be3 a6 7. Qd2 Nf6 8. 0-0-0 Bb4 9. f3 0-0 10. a3 Be7 11. g4 b5 12. g5 Nh5 13. Nce2 b4 14. Nxc6 dxc6 15. axb4 a5 16. b5 cxb5 17. Ng3 g6 18. Nxh5 gxh5 19. Bxb5 Rb8 20. Bd3 Bb4 21. c3 e5 22. f4 Bg4 23. Rdf1 a4 24. Qc2 Bc5 25. Bxc5 Qxc5 26. f5 Rfd8 27. h3 a3 28. b4 Qe3+ 29. Qd2 Qxd3 30. Qxd3 Rxd3 31. hxg4 Rxc3+ 32. Kd2 Rc4 33. gxh5 Rd8+ 34. Ke3 Rxb4 35. Rb1 Rxb1 36. Rxb1 Ra8 37. Ra1 a2 38. Kd3 Ra4 39. Kc3 h6 40. g6 Kg7 41. gxf7 Kxf7 42. Kb3 Rxe4 43. Rxa2 Rh4 44. Ra6 Rxh5 45. Re6 Rxf5 46. Rxh6 Rf6 47. Rh5 Ke6 48. Kc3 Rf3+ 49. Kd2 Kd5 50. Rh4 Ra3 51. Ke2 Rc3 52. Ra4 Rh3 53. Kd2 Ke6 54. Ke2 Kf5 55. Kf2 Rd3 56. Ke2 Rc3 57. Kf2 Rh3 58. Ke2 Rh1 59. Kf2 Rh2+ 60. Ke3 Rh1 61. Kf2 Rh8 62. Ke3 Rd8 63. Ke2 e4 64. Ra7 Ke5 65. Ke3 Rd3+ 66. Ke2 Rd5 67. Ke3 Rb5 68. Ra8 Rb3+ 69. Ke2 Rb2+ 70. Ke3 Rb3+ 71. Ke2 Rb2+ 72. Ke3 1/2-1/2

[Event "BL2-Sued 1617"]
[Site "Germany"]
[Date "2017.02.19"]
[Round "6.7"]
[White "Rahnfeld, Jens"]
[Black "Klundt, Klaus"]
[Result "0-1"]
[WhiteElo "2281"]
[BlackElo "2300"]
[PlyCount "78"]
[EventDate "2016.10.16"]
[EventType "team-tourn"]
[EventRounds "9"]
[EventCountry "GER"]
[SourceTitle "EXT 2018"]
[Source "ChessBase"]
[SourceDate "2017.10.13"]
[SourceVersion "1"]
[SourceVersionDate "2017.10.13"]
[SourceQuality "1"]
[WhiteTeam "Emmendingen"]
[BlackTeam "Heusenstamm"]
[WhiteTeamCountry "GER"]
[BlackTeamCountry "GER"]

1. e4 c5 2. Nf3 e6 3. d4 cxd4 4. Nxd4 Nc6 5. Nc3 Qc7 6. Be3 a6 7. Qd2 Nf6 8. 0-0-0 Bb4 9. f3 b5 10. Bf4 Ne5 11. Nc6 Qxc6 12. Bxe5 Be7 13. a3 Bb7 14. g4 h6 15. h4 0-0-0 16. Bh3 d6 17. Bd4 Kb8 18. g5 hxg5 19. hxg5 Nd7 20. f4 Nc5 21. Bg2 Rxh1 22. Rxh1 a5 23. b4 axb4 24. axb4 e5 25. Be3 exf4 26. Bxf4 Ne6 27. Nd5 Qa6 28. Kb2 Bxd5 29. exd5 Nxf4 30. Qxf4 Rc8 31. c3 Qb6 32. Be4 Qc7 33. Rh3 Qc4 34. Re3 f6 35. gxf6 Bxf6 36. Qxd6+ Ka7 37. Bc2 Bxc3+ 38. Ka3 Bb2+ 39. Kxb2 Qxc2+ 0-1

[Event "Basel op"]
[Site "Basel"]
[Date "2017.01.06"]
[Round "6"]
[White "Rahnfeld, Jens"]
[Black "Engel, Luis"]
[Result "1-0"]
[WhiteElo "2274"]
[BlackElo "2373"]
[PlyCount "83"]
[EventDate "2017.01.02"]
[EventType "swiss"]
[EventRounds "9"]
[EventCountry "SUI"]
[SourceTitle "CBM 176 Extra"]
[Source "ChessBase"]
[SourceDate "2017.03.02"]
[SourceVersion "1"]
[SourceVersionDate "2017.03.02"]
[SourceQuality "1"]

1. e4 c5 2. Nf3 d6 3. d4 cxd4 4. Nxd4 Nf6 5. Nc3 a6 6. Be3 e5 7. Nb3 Be6 8. f3 Be7 9. Qd2 0-0 10. 0-0-0 Nbd7 11. g4 b5 12. g5 b4 13. Ne2 Ne8 14. f4 a5 15. f5 a4 16. Nbd4 exd4 17. Nxd4 b3 18. Kb1 bxc2+ 19. Nxc2 Bb3 20. axb3 axb3 21. Na3 Ne5 22. h4 Ra4 23. Qg2 Qa8 24. Bd4 Nc7 25. f6 Bd8 26. Bxe5 dxe5 27. Bc4 Rxc4 28. Nxc4 Qa2+ 29. Kc1 Nb5 30. Kd2 Na3 31. Ra1 Nxc4+ 32. Kc3 Qxb2+ 33. Qxb2 Nxb2 34. fxg7 Kxg7 35. Kxb2 Be7 36. Ra7 Bc5 37. Rc7 Be3 38. Kxb3 Rd8 39. Kc3 Rd4 40. Rb1 Bd2+ 41. Kc2 Rb4 42. Rd1 1-0

[Event "Basel op"]
[Site "Basel"]
[Date "2017.01.04"]
[Round "4"]
[White "Rahnfeld, Jens"]
[Black "Beukema, Stefan"]
[Result "0-1"]
[WhiteElo "2274"]
[BlackElo "2398"]
[PlyCount "96"]
[EventDate "2017.01.02"]
[EventType "swiss"]
[EventRounds "9"]
[EventCountry "SUI"]
[SourceTitle "CBM 176 Extra"]
[Source "ChessBase"]
[SourceDate "2017.03.02"]
[SourceVersion "1"]
[SourceVersionDate "2017.03.02"]
[SourceQuality "1"]

1. e4 e5 2. Nf3 Nc6 3. d4 exd4 4. Nxd4 Nf6 5. Nxc6 bxc6 6. e5 Qe7 7. Qe2 Nd5 8. c4 Ba6 9. Nd2 g6 10. Nf3 Bg7 11. Bg5 f6 12. exf6 Qxe2+ 13. Bxe2 Nxf6 14. 0-0-0 Rb8 15. Be3 d6 16. Bxa7 Rb4 17. Bd4 Bxc4 18. Rhe1 0-0 19. Bxc4+ Rxc4+ 20. Kb1 c5 21. Bc3 Rb8 22. Rd3 Rg4 23. g3 Re4 24. Rdd1 d5 25. Ng5 Rxe1 26. Rxe1 d4 27. Ba5 Nd5 28. Ne6 Rb5 29. Nxc7 Nxc7 30. Bxc7 c4 31. f4 d3 32. Be5 c3 33. b3 Rd5 34. Rf1 Bxe5 35. fxe5 Rxe5 36. b4 Re2 37. Rc1 Rb2+ 38. Ka1 Rxh2 39. Rxc3 d2 40. Rd3 Rh1+ 41. Kb2 d1Q 42. Rxd1 Rxd1 43. Kc2 Ra1 44. Kb2 Re1 45. a4 Kf7 46. a5 Ke7 47. a6 Re6 48. b5 Rb6 0-1

[Event "BL2-Sued 1617"]
[Site "Germany"]
[Date "2016.10.16"]
[Round "1.7"]
[White "Fuchs, Heinz"]
[Black "Rahnfeld, Jens"]
[Result "1-0"]
[WhiteElo "2241"]
[BlackElo "2275"]
[PlyCount "101"]
[EventDate "2016.10.16"]
[EventType "team-tourn"]
[EventRounds "9"]
[EventCountry "GER"]
[SourceTitle "CBM 175 Extra"]
[Source "ChessBase"]
[SourceDate "2016.12.12"]
[SourceVersion "1"]
[SourceVersionDate "2016.12.12"]
[SourceQuality "1"]
[WhiteTeam "Untergrombach"]
[BlackTeam "Emmendingen"]
[WhiteTeamCountry "GER"]
[BlackTeamCountry "GER"]

1. c4 Nf6 2. Nc3 g6 3. e4 d6 4. d4 Bg7 5. Nf3 0-0 6. Be2 e5 7. 0-0 Nc6 8. d5 Ne7 9. Ne1 Nd7 10. Nd3 f5 11. f3 f4 12. Bd2 g5 13. Rc1 Ng6 14. c5 Nf6 15. Nb5 Rf7 16. Ba5 b6 17. cxd6 cxd6 18. Be1 a6 19. Nc3 h5 20. Nb4 g4 21. Nc6 Qf8 22. Kh1 g3 23. Na4 Rb7 24. Qb3 b5 25. Nc3 gxh2 26. Na5 Rc7 27. a4 bxa4 28. Qb6 Qf7 29. Nc4 Bf8 30. Nxd6 Bxd6 31. Qxd6 Rb8 32. Nxa4 Rxc1 33. Qxb8 Kh7 34. Bc3 Rxf1+ 35. Bxf1 Bd7 36. Qa7 h4 37. Nc5 Qg7 38. Nxd7 Nxd7 39. Kxh2 Ngf8 40. Qf2 Qg5 41. Bxa6 Nf6 42. Bc8 N8d7 43. b4 h3 44. gxh3 Qh5 45. b5 Nb6 46. Bf5+ Kg7 47. Qg1+ Kf7 48. Qxb6 Qxf3 49. Qe6+ Kg7 50. Qe7+ Kg8 51. Be6+ 1-0

[Event "Baden-Alsace"]
[Site "Freiburg"]
[Date "2016.09.18"]
[Round "1.7"]
[White "Mohebbi, Jaffar"]
[Black "Rahnfeld, Jens"]
[Result "1/2-1/2"]
[WhiteElo "2268"]
[BlackElo "2265"]
[PlyCount "29"]
[EventDate "2016.09.18"]
[EventType "team-match"]
[EventRounds "1"]
[EventCountry "GER"]
[SourceTitle "EXT 2018"]
[Source "ChessBase"]
[SourceDate "2017.10.13"]
[SourceVersion "1"]
[SourceVersionDate "2017.10.13"]
[SourceQuality "1"]
[WhiteTeam "Alsace"]
[BlackTeam "Baden"]
[WhiteTeamCountry "FRA"]
[BlackTeamCountry "GER"]

1. e4 c5 2. d4 cxd4 3. Nf3 d6 4. Bc4 Nf6 5. Qe2 Nc6 6. h3 e6 7. c3 Nxe4 8. Qxe4 d5 9. Bxd5 Qxd5 10. Qxd5 exd5 11. Nxd4 Nxd4 12. cxd4 Bf5 13. Nc3 Bb4 14. Bd2 Bxc3 15. Bxc3 1/2-1/2

[Event "Oberliga Baden 1516"]
[Site "Baden"]
[Date "2016.03.13"]
[Round "8.8"]
[White "Rahnfeld, Jens"]
[Black "Haas, Stefan"]
[Result "1/2-1/2"]
[WhiteElo "2233"]
[BlackElo "2221"]
[PlyCount "68"]
[EventDate "2015.09.20"]
[EventType "team-tourn"]
[EventRounds "9"]
[EventCountry "GER"]
[SourceTitle "EXT 2018"]
[Source "ChessBase"]
[SourceDate "2017.10.13"]
[SourceVersion "1"]
[SourceVersionDate "2017.10.13"]
[SourceQuality "1"]
[WhiteTeam "Emmendingen"]
[BlackTeam "Karlsruhe SF"]
[WhiteTeamCountry "GER"]
[BlackTeamCountry "GER"]

1. e4 e5 2. Nf3 Nc6 3. d4 exd4 4. Nxd4 Nf6 5. Nxc6 bxc6 6. e5 Qe7 7. Qe2 Nd5 8. c4 Nb6 9. Nc3 g6 10. Ne4 Bg7 11. Bg5 Qb4+ 12. Qd2 Qxd2+ 13. Kxd2 0-0 14. f4 d5 15. cxd5 cxd5 16. Nf6+ Kh8 17. h4 h5 18. Rc1 Nc4+ 19. Bxc4 dxc4 20. Rxc4 Be6 21. Rxc7 Bxa2 22. Ra1 Be6 23. Raxa7 Rfd8+ 24. Ke3 Rxa7 25. Rxa7 Rb8 26. b4 Bf8 27. Ne4 Bxb4 28. Bf6+ Kg8 29. Be7 Bxe7 30. Rxe7 Rb3+ 31. Kf2 Rb2+ 32. Kg3 Kf8 33. Rc7 Bd5 34. Nf6 Rxg2+ 1/2-1/2

[Event "Deizisau op 10th"]
[Site "Deizisau"]
[Date "2015.11.01"]
[Round "4"]
[White "Rahnfeld, Jens"]
[Black "Langheinrich, Ferenc"]
[Result "1/2-1/2"]
[WhiteElo "2239"]
[BlackElo "2402"]
[PlyCount "78"]
[EventDate "2015.10.30"]
[EventType "swiss"]
[EventRounds "7"]
[EventCountry "GER"]
[SourceTitle "CBM 169 Extra"]
[Source "ChessBase"]
[SourceDate "2015.12.18"]
[SourceVersion "1"]
[SourceVersionDate "2015.12.18"]
[SourceQuality "1"]

1. e4 d6 2. d4 Nf6 3. Nc3 g6 4. f4 Bg7 5. Nf3 0-0 6. e5 dxe5 7. fxe5 Nd5 8. Bc4 Be6 9. Bxd5 Bxd5 10. Nxd5 Qxd5 11. Qe2 c5 12. c4 Qd7 13. d5 e6 14. d6 f6 15. exf6 Bxf6 16. Bh6 Rf7 17. 0-0-0 Nc6 18. Qe4 Nd4 19. Be3 e5 20. Nxe5 Qe6 21. Bxd4 cxd4 22. Rhe1 Re8 23. d7 Rxd7 24. Nxd7 Bg5+ 25. Kc2 Qxc4+ 26. Kb1 Rxe4 27. Rxe4 Be3 28. Nf6+ Kg7 29. Ng4 Qe2 30. Nxe3 dxe3 31. Rd7+ Kf6 32. a3 Kf5 33. Re8 Qxg2 34. Rxh7 Qf1+ 35. Ka2 Qc4+ 36. Ka1 Kg4 37. Rxb7 a5 38. Rbe7 Qc1+ 39. Ka2 Qc4+ 1/2-1/2

[Event "Deizisau op 10th"]
[Site "Deizisau"]
[Date "2015.10.31"]
[Round "3"]
[White "Riehle, Marco"]
[Black "Rahnfeld, Jens"]
[Result "0-1"]
[WhiteElo "2134"]
[BlackElo "2239"]
[PlyCount "58"]
[EventDate "2015.10.30"]
[EventType "swiss"]
[EventRounds "7"]
[EventCountry "GER"]
[SourceTitle "CBM 169 Extra"]
[Source "ChessBase"]
[SourceDate "2015.12.18"]
[SourceVersion "1"]
[SourceVersionDate "2015.12.18"]
[SourceQuality "1"]

1. e4 c5 2. Nf3 d6 3. d4 cxd4 4. Nxd4 Nf6 5. f3 e5 6. Nb3 Be6 7. c4 Nbd7 8. Nc3 Rc8 9. Nd5 b5 10. c5 dxc5 11. Bxb5 c4 12. Nxf6+ gxf6 13. Nd2 Qb6 14. a4 Bb4 15. Qe2 a6 16. Bxd7+ Bxd7 17. a5 Bxa5 18. Qf2 Qb5 19. Qh4 c3 20. Rxa5 Qxa5 21. bxc3 Qxc3 22. 0-0 Qd4+ 23. Kh1 Rxc1 24. Rxc1 Qxd2 25. Rb1 Ke7 26. h3 Rg8 27. Rg1 a5 28. Qxh7 Qg5 29. h4 Qg3 0-1

[Event "Oberliga Baden 1516"]
[Site "Baden"]
[Date "2015.09.20"]
[Round "1.8"]
[White "Rahnfeld, Jens"]
[Black "Martin, Richard2222"]
[Result "1-0"]
[WhiteElo "2233"]
[BlackElo "1936"]
[PlyCount "45"]
[EventDate "2015.09.20"]
[EventType "team-tourn"]
[EventRounds "9"]
[EventCountry "GER"]
[SourceTitle "EXT 2018"]
[Source "ChessBase"]
[SourceDate "2017.10.13"]
[SourceVersion "1"]
[SourceVersionDate "2017.10.13"]
[SourceQuality "1"]
[WhiteTeam "Emmendingen"]
[BlackTeam "Baden-Baden III"]
[WhiteTeamCountry "GER"]
[BlackTeamCountry "GER"]

1. e4 c5 2. Nf3 d6 3. d4 cxd4 4. Nxd4 Nf6 5. Nc3 a6 6. Be3 e5 7. Nb3 Be6 8. f3 Be7 9. Qd2 0-0 10. 0-0-0 Qc7 11. g4 Rd8 12. g5 Nfd7 13. h4 Nc5 14. h5 Nxb3+ 15. axb3 Nd7 16. Bh3 Nf8 17. g6 f6 18. Nd5 Bxd5 19. Qxd5+ Kh8 20. h6 Nxg6 21. Bf5 Rac8 22. hxg7+ Kxg7 23. Rxh7+ 1-0